Hình tượng anh bộ đội cụ Hồ trong thơ chống Pháp và chống Mỹ /
Wedi'i Gadw mewn:
| Prif Awdur: | |
|---|---|
| Fformat: | Erthygl |
| Iaith: | Vietnamese |
| Pynciau: | |
| Tagiau: |
Ychwanegu Tag
Dim Tagiau, Byddwch y cyntaf i dagio'r cofnod hwn!
|
| Thư viện lưu trữ: | Thư viện Trường Đại học Đà Lạt |
|---|
| LEADER | 00911nam a2200289 4500 | ||
|---|---|---|---|
| 001 | DLU080064050 | ||
| 005 | ##20080822 | ||
| 040 | # | # | |a DLU |b vie |
| 041 | # | # | |a vie |
| 044 | # | # | |a vn |
| 100 | # | # | |a Phạm Quốc Ca. |
| 245 | # | # | |a Hình tượng anh bộ đội cụ Hồ trong thơ chống Pháp và chống Mỹ / |c Phạm Quốc Ca. |
| 653 | # | # | |a Giai đoạn 1945-1975 |
| 653 | # | # | |a Hình tượng văn học |
| 653 | # | # | |a Kháng chiến chống Mỹ |
| 653 | # | # | |a Kháng chiến chống Pháp |
| 653 | # | # | |a Thơ ca yêu nước |
| 773 | # | # | |t Trường Đại học Đà Lạt - Thông báo Khoa học |g 2003, tr. 87-93. |
| 920 | # | # | |a Phòng Tạp chí -- Trung tâm Thông tin - Thư viện Trường Đại học Đà Lạt |
| 994 | # | # | |a DLU |
| 900 | # | # | |a True |
| 911 | # | # | |a Lê Thị Mạnh Xuân |
| 925 | # | # | |a G |
| 926 | # | # | |a A |
| 927 | # | # | |a BB |
| 980 | # | # | |a Thư viện Trường Đại học Đà Lạt |